Pazhanchollukal (Record no. 1160)

MARC details
000 -LEADER
fixed length control field 00357nam a2200133Ia 4500
008 - FIXED-LENGTH DATA ELEMENTS--GENERAL INFORMATION
fixed length control field 211109s9999||||xx |||||||||||||| ||und||
082 ## - DEWEY DECIMAL CLASSIFICATION NUMBER
Classification number 415.5
Item number RAJ-P
100 ## - MAIN ENTRY--PERSONAL NAME
Personal name Rajaraja Varma,
245 #0 - TITLE STATEMENT
Title Pazhanchollukal
260 ## - PUBLICATION, DISTRIBUTION, ETC.
Name of publisher, distributor, etc. NATIONAL BOOKSTALL
Place of publication, distribution, etc. Kottayam
Date of publication, distribution, etc. 1900
630 ## - SUBJECT ADDED ENTRY--UNIFORM TITLE
General subdivision General Stack
650 ## - SUBJECT ADDED ENTRY--TOPICAL TERM
Topical term or geographic name entry element Proverbs
942 ## - ADDED ENTRY ELEMENTS (KOHA)
Koha item type BOOK
650 ## - SUBJECT ADDED ENTRY--TOPICAL TERM
Form subdivision Malayalam Grammar
General subdivision Generalia
Holdings
Withdrawn status Lost status Source of classification or shelving scheme Damaged status Not for loan Home library Current library Date acquired Total Checkouts Full call number Barcode Shelving location Date last seen Price effective from Koha item type
    Dewey Decimal Classification     SB LIBRARY SB LIBRARY 09/11/2021   415.5 RAJ-P 00001165 GENERAL STACK 09/11/2021 09/11/2021 BOOK

Powered by Koha